[Event "RUS-ch U14"]
[Site "Dagomys"]
[Date "2009.04.16"]
[Round "2"]
[White "Shurunov, Arseny"]
[Black "Rychkov, Oleg"]
[Result "1-0"]
[WhiteElo "2146"]
[BlackElo "2063"]
[PlyCount "73"]
[EventDate "2009.04.15"]
[EventType "swiss"]
[EventRounds "9"]
[EventCountry "RUS"]
[SourceTitle "CBM 130 Extra"]
[Source "ChessBase"]
[SourceDate "2009.07.02"]
[SourceVersion "2"]
[SourceVersionDate "2009.07.15"]
[SourceQuality "1"]

1. e4 c5 2. Nf3 e6 3. d4 cxd4 4. Nxd4 Nf6 5. Nc3 d6 6. Be2 a6 7. 0-0 Be7 8. Kh1 0-0 9. f4 Qc7 10. Bf3 Re8 11. Be3 Nc6 12. a4 Nxd4 13. Bxd4 e5 14. Be3 Be6 15. f5 Bc4 16. Be2 Qc6 17. Bxc4 Qxc4 18. Qf3 b5 19. Bg5 b4 20. Bxf6 bxc3 21. b3 Qc7 22. Bxe7 Rxe7 23. f6 gxf6 24. Qg4+ Kh8 25. Rxf6 Rg8 26. Qf3 Rg6 27. Rf1 Kg8 28. Qd3 Qc6 29. R6f3 Rc7 30. Rd1 Rg4 31. Rg3 Rxg3 32. Qxg3+ Kf8 33. Qh4 Rb7 34. Qd8+ Qe8 35. Qxd6+ Qe7 36. Qxa6 Rd7 37. Qc8+ 1-0